Chapter 8 sense of belonging in a digitalised care work community (Record no. 10284)

MARC details
000 -LEADER
fixed length control field 01493naa a22004217a 4500
003 - CONTROL NUMBER IDENTIFIER
control field OSt
005 - DATE AND TIME OF LATEST TRANSACTION
control field 20250513061120.0
008 - FIXED-LENGTH DATA ELEMENTS--GENERAL INFORMATION
fixed length control field 250505t2022 |||o||||o| || 00| ||eng dd
020 ## - INTERNATIONAL STANDARD BOOK NUMBER
International Standard Book Number 978-1-003-15531-7
040 ## - CATALOGING SOURCE
Transcribing agency JMCFI - Learning Resource Center
082 ## - DEWEY DECIMAL CLASSIFICATION NUMBER
Classification number eBook/SW 361.3 C467 2022
100 ## - MAIN ENTRY--PERSONAL NAME
Personal name Tammelin, Mia
9 (RLIN) 32794
245 ## - TITLE STATEMENT
Title Chapter 8 sense of belonging in a digitalised care work community
Medium [electronic resource] /
Statement of responsibility, etc. Mia Tammelin [and three others].
260 ## - PUBLICATION, DISTRIBUTION, ETC.
Place of publication, distribution, etc. New York :
Name of publisher, distributor, etc. Routledge,
Date of publication, distribution, etc. 2022.
300 ## - PHYSICAL DESCRIPTION
Extent 1 online resource (18 pages).
650 ## - SUBJECT ADDED ENTRY--TOPICAL TERM
Topical term or geographic name entry element Sociology.
9 (RLIN) 1388
650 ## - SUBJECT ADDED ENTRY--TOPICAL TERM
Topical term or geographic name entry element Elder care.
9 (RLIN) 32800
650 ## - SUBJECT ADDED ENTRY--TOPICAL TERM
Topical term or geographic name entry element Older people.
9 (RLIN) 22011
650 ## - SUBJECT ADDED ENTRY--TOPICAL TERM
Topical term or geographic name entry element Care.
9 (RLIN) 32801
650 ## - SUBJECT ADDED ENTRY--TOPICAL TERM
Topical term or geographic name entry element Digital agency.
9 (RLIN) 32802
650 ## - SUBJECT ADDED ENTRY--TOPICAL TERM
Topical term or geographic name entry element Digitalization.
9 (RLIN) 29675
650 ## - SUBJECT ADDED ENTRY--TOPICAL TERM
Topical term or geographic name entry element Digitalization.
9 (RLIN) 29675
650 ## - SUBJECT ADDED ENTRY--TOPICAL TERM
Topical term or geographic name entry element Social services.
9 (RLIN) 23173
650 ## - SUBJECT ADDED ENTRY--TOPICAL TERM
Topical term or geographic name entry element Social services.
9 (RLIN) 23173
650 ## - SUBJECT ADDED ENTRY--TOPICAL TERM
Topical term or geographic name entry element Social services.
9 (RLIN) 23173
650 ## - SUBJECT ADDED ENTRY--TOPICAL TERM
Topical term or geographic name entry element Care community.
General subdivision Digital skills.
9 (RLIN) 32803
650 ## - SUBJECT ADDED ENTRY--TOPICAL TERM
Topical term or geographic name entry element Digital skills
9 (RLIN) 32215
650 ## - SUBJECT ADDED ENTRY--TOPICAL TERM
Topical term or geographic name entry element Social work.
9 (RLIN) 4477
650 ## - SUBJECT ADDED ENTRY--TOPICAL TERM
Topical term or geographic name entry element Social work eBook.
9 (RLIN) 32533
650 ## - SUBJECT ADDED ENTRY--TOPICAL TERM
Topical term or geographic name entry element Open Access Publishing in European Networks (OAPEN).
9 (RLIN) 30999
650 ## - SUBJECT ADDED ENTRY--TOPICAL TERM
Topical term or geographic name entry element eBook (Open access).
9 (RLIN) 30865
700 ## - ADDED ENTRY--PERSONAL NAME
Personal name Hirvonen, Helena
9 (RLIN) 32795
700 ## - ADDED ENTRY--PERSONAL NAME
Personal name Hämäläinen, Antti
9 (RLIN) 32796
700 ## - ADDED ENTRY--PERSONAL NAME
Personal name Hänninen, Riitta
9 (RLIN) 32797
773 ## - HOST ITEM ENTRY
Title Digital Transformations in Care for Older People
856 ## - ELECTRONIC LOCATION AND ACCESS
Uniform Resource Identifier <a href="https://library.oapen.org/handle/20.500.12657/58576">https://library.oapen.org/handle/20.500.12657/58576</a>
942 ## - ADDED ENTRY ELEMENTS (KOHA)
Source of classification or shelving scheme Dewey Decimal Classification
Koha item type eBook (Open Access)
Suppress in OPAC No
Holdings
Withdrawn status Lost status Source of classification or shelving scheme Damaged status Not for loan Home library Current library Date acquired Total Checkouts Call number Date last seen Uniform Resource Identifier Price effective from Koha item type
    Dewey Decimal Classification     LRC - College (Main) LRC - College (Main) 05/13/2025   eBook/SW 361.3 C467 2022 05/13/2025 https://library.oapen.org/handle/20.500.12657/58576 05/13/2025 eBook (Open Access)